Essentials of Human Anatomy / (Record no. 323)

MARC details
000 -LEADER
Fixed length control field 00573nam a2200217Ia 4500
003 - CONTROL NUMBER IDENTIFIER
Control field IIN
005 - DATE AND TIME OF LATEST TRANSACTION
Control field 20240208120848.0
008 - FIXED-LENGTH DATA ELEMENTS--GENERAL INFORMATION
Fixed length control field 231217s9999 xx 000 0 und d
020 ## - INTERNATIONAL STANDARD BOOK NUMBER / ISBN
Price Rs. 550.00
International Standard Book Number 9789385274374
040 ## - CATALOGING SOURCE
Original cataloging agency IIN
Language of cataloging English
082 ## - DEWEY DECIMAL CLASSIFICATION NUMBER
Classification number 611
Book Number DAT
100 1# - MAIN ENTRY--PERSONAL NAME
Personal name Datta, A. K.
245 1# - TITLE STATEMENT
Title Essentials of Human Anatomy /
Statement of responsibility A. K. Datta
250 ## - EDITION STATEMENT
Edition statement 10th ed
260 ## - IMPRINT
Place of publication Kolkata :
Name of publisher Current Book International,
Date of publication 2018
300 ## - PHYSICAL DESCRIPTION
Page / Vol. No [3], 4-356p.
440 ## - SERIES STATEMENT
Series Title Thorax, Abdomen and Pelvis
Number Vol.1
650 ## - SUBJECT ADDED ENTRY--TOPICAL TERM
Topical term Anatomy
650 ## - SUBJECT ADDED ENTRY--TOPICAL TERM
Topical term Human anatomy
942 ## - ADDED ENTRY ELEMENTS (KOHA)
Koha item type Books
Holdings
Withdrawn status Lost status Source of classification Damaged status Not for loan Collection code Home library Current library Date acquired Price Total Checkouts Call number Accession number Date last seen Copy number Price effective from Koha item type Shelving location
    Dewey Decimal Classification       IDEAL INSTITUTE OF NURSING IDEAL INSTITUTE OF NURSING 17/12/2023 550.00   611 DAT 318 17/12/2023 Vol. 1 17/12/2023 Books  
    Dewey Decimal Classification       IDEAL INSTITUTE OF NURSING IDEAL INSTITUTE OF NURSING 17/12/2023 550.00   611 DAT 319 17/12/2023 Vol. 1 17/12/2023 Books  
    Dewey Decimal Classification       IDEAL INSTITUTE OF NURSING IDEAL INSTITUTE OF NURSING 17/12/2023 550.00   611 DAT 320 17/12/2023 Vol. 1 17/12/2023 Books  
    Dewey Decimal Classification       IDEAL INSTITUTE OF NURSING IDEAL INSTITUTE OF NURSING 17/12/2023 550.00   611 DAT 321 17/12/2023 Vol. 1 17/12/2023 Books  
    Dewey Decimal Classification       IDEAL INSTITUTE OF NURSING IDEAL INSTITUTE OF NURSING 17/12/2023 550.00   611 DAT 322 17/12/2023 Vol. 1 17/12/2023 Books  
    Dewey Decimal Classification       IDEAL INSTITUTE OF NURSING IDEAL INSTITUTE OF NURSING 17/12/2023 550.00   611 DAT 323 17/12/2023 Vol. 1 17/12/2023 Books  
    Dewey Decimal Classification     Purches Book IDEAL INSTITUTE OF NURSING IDEAL INSTITUTE OF NURSING 11/03/2025 600.00   611 DAT 1824 28/03/2025   28/03/2025 Books General Stacks
© Ideal Institute Of Nursing, All rights reserved.         Powered by Koha